000
00298nam a22001457a 4500
003
OSt
020
_a
9788132110149
082
_a
BUR/OR
100
_a
Burke ,Warner W
245
_a
Organizational change
250
_a
1
260
_a
New Delhi
_b
Sage
_c
2012
300
_a
362p.
942
_2
ddc
_c
BK
999
_c
190706
_d
190706